L'éducation nationale : (Record no. 19389)

MARC details
000 -LEADER
fixed length control field 00658cam a22001937a 4500
001 - CONTROL NUMBER
control field e 12001290
003 - CONTROL NUMBER IDENTIFIER
control field DLC
005 - DATE AND TIME OF LATEST TRANSACTION
control field 20260227111158.0
008 - FIXED-LENGTH DATA ELEMENTS--GENERAL INFORMATION
fixed length control field 990601s1897 fr a 000 0 fre c
010 ## - LIBRARY OF CONGRESS CONTROL NUMBER
LC control number e 12001290
040 ## - CATALOGING SOURCE
Original cataloging agency Library, U. S. Bur. of Education
Transcribing agency NIE
Modifying agency DLC
050 00 - LIBRARY OF CONGRESS CALL NUMBER
Classification number MLCS 2007/47606 (L)
100 1# - MAIN ENTRY--PERSONAL NAME
Personal name Wolff, Maurice.
245 12 - TITLE STATEMENT
Title L'éducation nationale :
Remainder of title le problème de l'éducation moderne et l'université /
Statement of responsibility, etc. par Maurice Wolff.
260 ## - PUBLICATION, DISTRIBUTION, ETC.
Place of publication, distribution, etc. Paris :
Name of publisher, distributor, etc. V. Giard & E. Brière,
Date of publication, distribution, etc. 1897.
300 ## - PHYSICAL DESCRIPTION
Extent ix, 198 p. ;
Dimensions 19 cm.
490 0# - SERIES STATEMENT
Series statement Petite encyclopédie sociale, économique et financière ;
Volume/sequential designation 23
650 #0 - SUBJECT ADDED ENTRY--TOPICAL TERM
Topical term or geographic name entry element Education
Geographic subdivision France.

No items available.

Powered by Koha